000 02237cam a22001934a 4500
005 20250605164240.0
008 250528s ||||||||||||||||||||||||d
035 _a21296
020 _a9789606002892
040 _aGR-AtMCL
_bgre
_dGR-AtMCL
_eAACR2
245 1 _aΗ Οργάνωση και ο Σχεδιασμός του Χώρου (Νηπιαγωγείου) στο Πλαίσιο του Παιχνιδιού
260 _bΠατάκη,
_c2010
300 _a148
520 _aΠρόκειται για ένα βιβλίο που απευθύνεται όχι μόνο σε Νηπιαγωγούς και Γονείς, αλλά και σ'όλους όσοι πιστεύουν τόσο στον κοινωνικοποιητικό χαρακτήρα του παιχνιδιού, όσο και στην απελευθερωτική του δύναμη. Πρόλογος, Παιχνίδι και Προσχολική Εκπαίδευση, Ορισμός (Θεωρίες) του Παιχνιδιού, Ιστορική Αναδρομή: Οι Μεγάλοι Παιδαγωγοί Μιλούν για το Παιχνίδι, Ο Ρόλος του Παιχνιδιού στη Μάθηση και Αγωγή του Παιδιού, Παιχνίδι και Ανάπτυξη, Παιχνίδι και Αυθόρμητες Δραστηριότητες, Η Στρατηγική μιας Προσέγγισης για την Ανάπτυξη, Σχεδιασμός του Χώρου σε Γωνίες (Περιγραφή), Σκοπός και Επιδιώξεις, Προβλήματα κατά το Σχεδιασμό, Προϋποθέσεις για την Επιτυχία του Σχεδιασμού, Οργάνωση του Χώρου σε Γωνίες, Η Γωνία του Κουκλόσπιτου, Η Γωνία με το Μαγαζάκι, Γωνία Οικοδομικού Υλικού, Η Γωνία με Νερό και Άμμο, Η Γωνία των Εικαστικών, Η Γωνία της Βιβλιοθήκης, Θεατρική Γωνία, Η Γωνία Παιδαγωγικών Παιχνιδιών, Βιβλιογραφία.
700 1 _aΣιβροπούλου Ρένα
_97342
942 _cBK
999 _c6361
_d6361